[Event "BL 1920 SV Werder Bremen - Aachener SV"]
[Site "?"]
[Date "2021.10.17"]
[Round "15.8"]
[White "Wachinger, Nikolas"]
[Black "Coenen, Norbert"]
[Result "1/2-1/2"]
[WhiteElo "2313"]
[BlackElo "2284"]
[PlyCount "74"]
[EventDate "2021.??.??"]

1. e4 e5 2. Nf3 Nc6 3. Bb5 a6 4. Ba4 Nf6 5. O-O b5 6. Bb3 Bc5 7. c3 d6 8. d4
Bb6 9. Be3 O-O 10. Nbd2 h6 11. h3 Re8 12. Re1 Na5 13. Bc2 c5 14. d5 c4 15. b4
cxb3 16. axb3 Bd7 17. b4 Nc4 18. Nxc4 bxc4 19. Nd2 Bb5 20. Ba4 Qc7 21. Ra3 Rab8
22. Qa1 Bxe3 23. Rxe3 Nh5 24. Nf1 Nf4 25. Ng3 g6 26. Bxb5 axb5 27. Ra6 Qe7 28.
Ra7 Rb7 29. Ra8 Rbb8 30. Rxb8 Rxb8 31. Qa6 h5 32. Ne2 Nd3 33. Rf3 Kg7 34. g3
Qd7 35. Kh2 Rb7 36. Qa2 Ra7 37. Qd2 Ra1 1/2-1/2

[Event "BL 1920 SV Hockenheim - Schachfreunde D"]
[Site "?"]
[Date "2021.10.17"]
[Round "15.1"]
[White "Kamsky, Gata"]
[Black "Inarkiev, Ernesto"]
[Result "1/2-1/2"]
[WhiteElo "2662"]
[BlackElo "2668"]
[PlyCount "43"]
[EventDate "2021.??.??"]

1. e4 e5 2. Nf3 Nc6 3. Bb5 a6 4. Ba4 Nf6 5. O-O Be7 6. Re1 b5 7. Bb3 O-O 8. c3
d5 9. exd5 Nxd5 10. Nxe5 Nxe5 11. Rxe5 c6 12. d3 Bd6 13. Re1 Bf5 14. Qf3 Bg6
15. Bxd5 cxd5 16. Be3 Bxd3 17. Nd2 b4 18. g3 bxc3 19. bxc3 Rc8 20. Bg5 Qxg5 21.
Qxd3 Rfd8 22. Rab1 1/2-1/2

[Event "BL 1920 SV Hockenheim - Schachfreunde D"]
[Site "?"]
[Date "2021.10.17"]
[Round "15.2"]
[White "Ponomariov, Ruslan"]
[Black "Heimann, Andreas"]
[Result "1/2-1/2"]
[WhiteElo "2631"]
[BlackElo "2585"]
[PlyCount "43"]
[EventDate "2021.??.??"]

1. e4 e5 2. Nf3 Nc6 3. Bb5 Nf6 4. d3 Bc5 5. Bxc6 dxc6 6. Nbd2 Nd7 7. Nc4 f6 8.
O-O Nf8 9. Be3 Bxe3 10. Nxe3 Ne6 11. Kh1 O-O 12. Ng1 Nf4 13. a4 Be6 14. a5 Qd4
15. b3 Rad8 16. Ne2 Qc5 17. Qd2 Rd7 18. Qc3 Qb5 19. Nc1 c5 20. g3 Ng6 21. Ne2
Ne7 22. f4 1/2-1/2

[Event "BL 1920 SV Hockenheim - Schachfreunde D"]
[Site "?"]
[Date "2021.10.17"]
[Round "15.3"]
[White "Meier, Georg"]
[Black "Saric, Ivan"]
[Result "1/2-1/2"]
[WhiteElo "2628"]
[BlackElo "2644"]
[PlyCount "46"]
[EventDate "2021.??.??"]

1. Nf3 Nf6 2. g3 d5 3. Bg2 g6 4. O-O Bg7 5. d4 O-O 6. c4 dxc4 7. Na3 c5 8. dxc5
c3 9. Nb5 Na6 10. Nxc3 Nxc5 11. Be3 Nfe4 12. Nxe4 Nxe4 13. Bd4 Bxd4 14. Qxd4
Qxd4 15. Nxd4 Nd6 16. Rfc1 Rd8 17. f4 Kf8 18. Kf2 Rb8 19. b3 Ke8 20. Rc7 Ne4+
21. Bxe4 Rxd4 22. Ke3 Rd6 23. Rac1 Kd8 1/2-1/2

[Event "BL 1920 SV Hockenheim - Schachfreunde D"]
[Site "?"]
[Date "2021.10.17"]
[Round "15.4"]
[White "Braun, Arik"]
[Black "Krasenkow, Michal"]
[Result "1/2-1/2"]
[WhiteElo "2589"]
[BlackElo "2578"]
[PlyCount "87"]
[EventDate "2021.??.??"]

1. Nf3 d5 2. e3 Nf6 3. c4 e6 4. Nc3 c5 5. d4 Nc6 6. a3 a6 7. dxc5 Bxc5 8. b4
Ba7 9. Bb2 dxc4 10. Qxd8+ Kxd8 11. Bxc4 Ke7 12. Rc1 Rd8 13. Bb3 Bd7 14. O-O
Rac8 15. Na4 Be8 16. Nc5 Na5 17. Ba2 Bb5 18. Rfe1 Bxc5 19. bxc5 Nc6 20. Bc3 Rd7
21. h3 g6 22. Nd2 Nd5 23. Bxd5 Rxd5 24. Ne4 Rc7 25. Bf6+ Kf8 26. Red1 Na5 27.
Nd6 Rcxc5 28. Nxb5 axb5 29. Rxc5 Rxd1+ 30. Kh2 Nc6 31. Rxb5 Rd7 32. g4 Ke8 33.
Kg3 Ne7 34. Ra5 Rc7 35. Kh4 Rc2 36. Ra8+ Kd7 37. Rf8 Nd5 38. Kg3 Rc8 39. Rxc8
Kxc8 40. Bd4 Kd7 41. e4 Ne7 42. Kf4 Ng8 43. Bc3 f6 44. Ke3 1/2-1/2

[Event "BL 1920 SV Hockenheim - Schachfreunde D"]
[Site "?"]
[Date "2021.10.17"]
[Round "15.5"]
[White "Bluebaum, Matthias"]
[Black "Wagner, Dennis"]
[Result "1/2-1/2"]
[WhiteElo "2640"]
[BlackElo "2576"]
[PlyCount "53"]
[EventDate "2021.??.??"]

1. d4 Nf6 2. c4 g6 3. Nc3 d5 4. cxd5 Nxd5 5. Bd2 c5 6. e4 Nxc3 7. Bxc3 cxd4 8.
Qxd4 Qxd4 9. Bxd4 Rg8 10. Nf3 Nc6 11. Bc3 Bg7 12. Bxg7 Rxg7 13. Bb5 Bd7 14. Ke2
f6 15. Bxc6 Bxc6 16. Nd4 Bd7 17. f4 e5 18. fxe5 fxe5 19. Nf3 Rc8 20. Rac1 Rxc1
21. Rxc1 Bg4 22. Rc5 Re7 23. Ke3 Bxf3 24. Kxf3 Kf7 25. Rc8 Rd7 26. Ke3 h5 27.
Rc5 1/2-1/2

[Event "BL 1920 SV Hockenheim - Schachfreunde D"]
[Site "?"]
[Date "2021.10.17"]
[Round "15.6"]
[White "Buhmann, Rainer"]
[Black "Donchenko, Alexander"]
[Result "0-1"]
[WhiteElo "2580"]
[BlackElo "2648"]
[PlyCount "82"]
[EventDate "2021.??.??"]

1. d4 Nf6 2. Nf3 d5 3. c4 e6 4. e3 b6 5. b3 Bd6 6. Bd3 O-O 7. O-O Nbd7 8. cxd5
exd5 9. Ba3 c5 10. Nc3 Bb7 11. Rc1 Re8 12. Qe2 a6 13. Bf5 Bc6 14. Rfd1 Qe7 15.
Bb2 Nf8 16. Qc2 Ne6 17. Ne2 Rac8 18. Ng3 g6 19. Bh3 Rc7 20. Qc3 c4 21. bxc4 Ba4
22. c5 Bxd1 23. Rxd1 Qd8 24. Bxe6 Rxe6 25. Ng5 Re8 26. Qd3 bxc5 27. dxc5 Rxc5
28. Qxa6 Be5 29. Bxe5 Rxe5 30. Nf3 Re6 31. Qd3 Qa8 32. Nd4 Ra6 33. Nb3 Rc4 34.
Nc1 Qc8 35. Nge2 Rc2 36. h3 Ne4 37. Rf1 Qc4 38. Qb3 Kg7 39. Re1 Rf6 40. f3 Nd2
41. Qb8 Qc5 0-1

[Event "BL 1920 SV Hockenheim - Schachfreunde D"]
[Site "?"]
[Date "2021.10.17"]
[Round "15.7"]
[White "Kollars, Dmitrij"]
[Black "Banusz, Tamas"]
[Result "1-0"]
[WhiteElo "2621"]
[BlackElo "2610"]
[PlyCount "79"]
[EventDate "2021.??.??"]

1. e4 e5 2. Nf3 Nf6 3. Nxe5 d6 4. Nf3 Nxe4 5. d4 d5 6. Bd3 Bd6 7. O-O O-O 8. c4
c6 9. Re1 Bf5 10. Ng5 Re8 11. Bxe4 dxe4 12. Nc3 Nd7 13. Ngxe4 Bxh2+ 14. Kxh2
Bxe4 15. Kg1 Qh4 16. Be3 Bf5 17. Qd2 h6 18. f3 Qf6 19. Bf2 Qd6 20. d5 a6 21.
Rad1 c5 22. Re3 Rxe3 23. Qxe3 b6 24. Re1 Nf6 25. Qe7 Qd7 26. Qxd7 Bxd7 27. Bg3
Re8 28. Re5 Kf8 29. a4 Rc8 30. Kf2 g5 31. Re1 Ne8 32. Rh1 Kg7 33. a5 b5 34.
cxb5 axb5 35. a6 b4 36. Ne4 f5 37. Nd6 Ra8 38. Be5+ Nf6 39. Ra1 Ra7 40. Nb7 1-0

[Event "BL 1920 SV Hockenheim - Schachfreunde D"]
[Site "?"]
[Date "2021.10.17"]
[Round "15.8"]
[White "Moiseenko, Alexander"]
[Black "Kozul, Zdenko"]
[Result "1/2-1/2"]
[WhiteElo "2622"]
[BlackElo "2601"]
[PlyCount "74"]
[EventDate "2021.??.??"]

1. d4 Nf6 2. c4 g6 3. Nc3 Bg7 4. e4 d6 5. f3 O-O 6. Be3 e5 7. Nge2 Nbd7 8. Qd2
a6 9. d5 h5 10. Rg1 Nc5 11. b4 Ncd7 12. c5 a5 13. Nb5 axb4 14. cxd6 c5 15. dxc6
bxc6 16. Nc7 Rb8 17. Nc1 Ne8 18. Nxe8 Rxe8 19. Nb3 Bf8 20. Rc1 c5 21. Nxc5 Nxc5
22. Bxc5 Qa5 23. Bc4 Be6 24. Bxe6 Rxe6 25. Kf2 Bxd6 26. Bxd6 Rd8 27. Qxb4 Qxa2+
28. Kg3 Rexd6 29. h3 Qe6 30. Kh2 Qf6 31. Kh1 h4 32. Qb7 Kg7 33. Rc8 Rb6 34. Qa8
Rxc8 35. Qxc8 Qf4 36. Qc2 Rd6 37. Rd1 Rxd1+ 1/2-1/2

[Event "BL 1920 SG Speyer-Schwegenheim - OSG Ba"]
[Site "?"]
[Date "2021.10.17"]
[Round "15.1"]
[White "Vachier-Lagrave, Maxime"]
[Black "Oleksiyenko, Mykhaylo"]
[Result "1-0"]
[WhiteElo "2763"]
[BlackElo "2586"]
[PlyCount "123"]
[EventDate "2021.??.??"]

1. Nf3 d5 2. g3 Nf6 3. Bg2 e6 4. O-O Be7 5. c4 O-O 6. d4 c6 7. Qc2 dxc4 8. a4
b6 9. Nbd2 Bb7 10. Ne5 Qxd4 11. Ndxc4 Qd8 12. Rd1 Qc8 13. a5 b5 14. a6 Nxa6 15.
Na5 Nb4 16. Qb3 Rb8 17. Bg5 Nbd5 18. e4 Nb6 19. Rac1 c5 20. Qxb5 Ba6 21. Qc6
Bb7 22. Qxc8 Rfxc8 23. Bf4 Bf8 24. Nd3 Bxe4 25. Bxb8 Rxb8 26. Nxc5 Bxg2 27. Na6
Ra8 28. Kxg2 Nfd5 29. Nc6 Bd6 30. b4 Kf8 31. b5 Ke8 32. Ra1 h5 33. Rdc1 Nd7 34.
h4 g6 35. Na5 Kf8 36. Nc4 Be7 37. Nd2 Bf6 38. Rab1 Rd8 39. Ne4 Bd4 40. Rc4 Bb6
41. Rbc1 Ke7 42. Rc8 Rxc8 43. Rxc8 Ne5 44. Rb8 Nd7 45. Rc8 Ne5 46. Nb8 f5 47.
Ng5 f4 48. Nc6+ Kd7 49. Rg8 Nxc6 50. bxc6+ Kxc6 51. Rxg6 fxg3 52. fxg3 a5 53.
Nxe6 Kb5 54. Rg5 Kc4 55. Rxh5 a4 56. Rh8 a3 57. Ra8 Kb3 58. h5 a2 59. h6 Nf6
60. Kf3 Kb2 61. g4 Be3 62. g5 1-0

[Event "BL 1920 SG Speyer-Schwegenheim - OSG Ba"]
[Site "?"]
[Date "2021.10.17"]
[Round "15.3"]
[White "Wojtaszek, Radoslaw"]
[Black "Boguslawski, Oleg"]
[Result "1-0"]
[WhiteElo "2691"]
[BlackElo "2390"]
[PlyCount "116"]
[EventDate "2021.??.??"]

1. d4 d5 2. c4 c6 3. Nc3 Nf6 4. e3 e6 5. Nf3 Nbd7 6. Qc2 Bd6 7. Bd3 O-O 8. O-O
dxc4 9. Bxc4 b5 10. Be2 a6 11. Ng5 h6 12. Nge4 Be7 13. Rd1 Qc7 14. Bd2 Bb7 15.
Rac1 Rac8 16. b4 e5 17. Bf3 Rfe8 18. Qb3 Qb8 19. h3 Rcd8 20. Nc5 Nxc5 21. dxc5
Qc7 22. Ne4 Nxe4 23. Bxe4 Bc8 24. Bc3 Be6 25. Qb2 Bf6 26. f4 Bd5 27. Bxd5 cxd5
28. fxe5 Bxe5 29. Rd3 Bxc3 30. Qxc3 Re4 31. Qd2 Rde8 32. Rf1 a5 33. a3 axb4 34.
axb4 Qc6 35. Rf5 d4 36. Rxd4 Rxe3 37. Rd8 Re2 38. Qxe2 Rxd8 39. Qe7 Rd7 40.
Qe8+ Kh7 41. Qe3 Kg8 42. Rf4 Rd1+ 43. Rf1 Rxf1+ 44. Kxf1 f5 45. Qe5 g6 46. h4
Kf7 47. h5 Qd7 48. hxg6+ Kxg6 49. Ke2 Qf7 50. Qg3+ Kf6 51. Qc3+ Kg6 52. c6 Qa2+
53. Kf1 Qb1+ 54. Kf2 Qa2+ 55. Kg3 f4+ 56. Kf3 Qd5+ 57. Kxf4 Qd6+ 58. Kf3 Qd5+
1-0

[Event "BL 1920 SG Speyer-Schwegenheim - OSG Ba"]
[Site "?"]
[Date "2021.10.17"]
[Round "15.4"]
[White "Bodrozic, Tomislav"]
[Black "Rapport, Richard"]
[Result "0-1"]
[WhiteElo "2358"]
[BlackElo "2770"]
[PlyCount "78"]
[EventDate "2021.??.??"]

1. e4 c5 2. Nf3 Nc6 3. Bb5 e6 4. O-O Nge7 5. Re1 Nd4 6. Nxd4 cxd4 7. c3 a6 8.
Ba4 b5 9. Bb3 Nc6 10. a4 b4 11. d3 bxc3 12. bxc3 Qf6 13. c4 Bb4 14. Rf1 Qg6 15.
Nd2 O-O 16. f4 f5 17. e5 Bb7 18. Nf3 Rab8 19. Bd2 Ba8 20. Rb1 a5 21. Bc2 h6 22.
Qe2 Qg4 23. h3 Qg3 24. Qe1 Qxe1 25. Bxe1 g5 26. fxg5 hxg5 27. Bf2 g4 28. Nxd4
gxh3 29. Nxc6 Bxc6 30. gxh3 Kf7 31. Kh2 Rg8 32. Rg1 Bc3 33. d4 Rxb1 34. Bxb1
Rxg1 35. Bxg1 Bxa4 36. Ba2 Bc2 37. d5 a4 38. c5 Bxe5+ 39. Kg2 Be4+ 0-1

[Event "BL 1920 SG Speyer-Schwegenheim - OSG Ba"]
[Site "?"]
[Date "2021.10.17"]
[Round "15.6"]
[White "Commercon, Simon"]
[Black "Bacrot, Etienne"]
[Result "0-1"]
[WhiteElo "2204"]
[BlackElo "2658"]
[PlyCount "66"]
[EventDate "2021.??.??"]

1. d4 e6 2. c4 d5 3. Nc3 c6 4. e4 dxe4 5. Nxe4 Bb4+ 6. Nc3 c5 7. Be3 Nf6 8. Nf3
O-O 9. Be2 cxd4 10. Nxd4 Bxc3+ 11. bxc3 Qe7 12. g4 b6 13. g5 Ne4 14. Qc2 Bb7
15. Rg1 Nd7 16. f3 Nd6 17. Rg3 Ne5 18. Rh3 g6 19. c5 bxc5 20. Nb3 c4 21. Nc5
Nf5 22. Bf2 Rfd8 23. f4 Bg2 24. fxe5 Bxh3 25. Ne4 Kg7 26. Nf6 Qb7 27. Ne4 Qd5
28. Bf3 Qxe5 29. Ke2 Rd3 30. Rb1 Rad8 31. Rb7 Rd2+ 32. Qxd2 Rxd2+ 33. Kxd2 Qd5+
0-1

[Event "BL 1920 SG Speyer-Schwegenheim - OSG Ba"]
[Site "?"]
[Date "2021.10.17"]
[Round "15.7"]
[White "Kasimdzhanov, Rustam"]
[Black "Kraemer, Enrico"]
[Result "1-0"]
[WhiteElo "2661"]
[BlackElo "2218"]
[PlyCount "81"]
[EventDate "2021.??.??"]

1. e4 e5 2. Nf3 Nc6 3. Bb5 a6 4. Ba4 Nf6 5. O-O Be7 6. Re1 b5 7. Bb3 d6 8. c3
O-O 9. h3 Nb8 10. d4 Nbd7 11. Nbd2 Bb7 12. Bc2 Re8 13. Nf1 Bf8 14. Ng3 g6 15.
b3 Bg7 16. d5 Rc8 17. Be3 Nb6 18. Rb1 c6 19. c4 cxd5 20. cxd5 Nbxd5 21. exd5
Nxd5 22. Bd2 Nb6 23. a4 d5 24. axb5 axb5 25. Bd3 Bc6 26. Rc1 Qd6 27. Ba5 Nd7
28. Re2 Bh6 29. Bd2 Bg7 30. Be1 Bh6 31. Ra1 Ra8 32. Rea2 Rxa2 33. Rxa2 Qb8 34.
Rc2 Qb7 35. Bd2 Bg7 36. Qc1 Nb8 37. Bh6 Bf6 38. Nh2 d4 39. Ng4 Bh8 40. Nh5 Re6
41. Qg5 1-0

[Event "BL 1920 SG Solingen - FC Bayern München"]
[Site "?"]
[Date "2021.10.17"]
[Round "15.1"]
[White "Huschenbeth, Niclas"]
[Black "Ragger, Markus"]
[Result "1/2-1/2"]
[WhiteElo "2608"]
[BlackElo "2664"]
[PlyCount "103"]
[EventDate "2021.??.??"]

1. e4 c5 2. Nf3 e6 3. d4 cxd4 4. Nxd4 Nf6 5. Nc3 Nc6 6. Be2 Bb4 7. O-O Bxc3 8.
bxc3 Nxe4 9. Nxc6 dxc6 10. Bd3 Nc5 11. Qg4 Qf6 12. Bg5 Qxc3 13. Rad1 h6 14. Be3
O-O 15. Bxh6 f5 16. Qg6 Qf6 17. Qxf6 Rxf6 18. Bf4 Nxd3 19. Rxd3 e5 20. Bxe5 Rf7
21. Rd6 Bd7 22. f4 Re8 23. Rg6 Re6 24. Rg5 Rh6 25. Rf3 Be6 26. Rfg3 Rh7 27. a3
Bd5 28. h4 Be4 29. c4 Rd7 30. h5 b5 31. h6 Rxh6 32. Bxg7 Rh7 33. Bc3+ Kf7 34.
cxb5 cxb5 35. Rg6 Rd3 36. Rf6+ Ke7 37. Rxd3 Bxd3 38. Ra6 Ke8 39. Bb4 Rg7 40.
Kf2 Be4 41. g3 Kd8 42. Ra5 Rb7 43. Ke3 Rd7 44. Rxb5 Rd3+ 45. Kf2 Rf3+ 46. Ke1
Rxg3 47. Ra5 Re3+ 48. Kd1 Rd3+ 49. Kc1 Rd7 50. Bc5 Rd5 51. Kb2 Kc8 52. Bb4
1/2-1/2

[Event "BL 1920 SG Solingen - FC Bayern München"]
[Site "?"]
[Date "2021.10.17"]
[Round "15.2"]
[White "Ganguly, Surya Shekhar"]
[Black "Bogner, Sebastian"]
[Result "1-0"]
[WhiteElo "2617"]
[BlackElo "2572"]
[PlyCount "85"]
[EventDate "2021.??.??"]

1. d4 Nf6 2. c4 e6 3. g3 d5 4. Bg2 Be7 5. Nf3 O-O 6. O-O dxc4 7. Qc2 b5 8. a4
Bb7 9. axb5 a6 10. Nc3 axb5 11. Rxa8 Bxa8 12. Nxb5 Nbd7 13. Qxc4 c5 14. dxc5
Bd5 15. Qf4 Nxc5 16. Nc3 Qb6 17. Nxd5 Nxd5 18. Qc4 Nb3 19. Ne5 Nxc1 20. Qxc1
Qb7 21. Nc6 Nb4 22. Nxe7+ Qxe7 23. Rd1 g6 24. h4 h5 25. Qc3 Rb8 26. Rd4 Na2 27.
Qd2 Qc7 28. Kh2 Qb6 29. Qf4 Rf8 30. Rd2 Nb4 31. Rd7 Nd5 32. Bxd5 exd5 33. b4
Qb5 34. Re7 Qc4 35. Qd6 Ra8 36. e3 Qf1 37. Qf6 Rf8 38. Rb7 Qc4 39. b5 Qe4 40.
Re7 Qb4 41. b6 d4 42. exd4 Qb3 43. b7 1-0

[Event "BL 1920 SG Solingen - FC Bayern München"]
[Site "?"]
[Date "2021.10.17"]
[Round "15.3"]
[White "Santos Ruiz, Miguel"]
[Black "Nikolic, Predrag"]
[Result "1-0"]
[WhiteElo "2596"]
[BlackElo "2554"]
[PlyCount "75"]
[EventDate "2021.??.??"]

1. c4 e5 2. Nc3 Nc6 3. Nf3 Nf6 4. e3 Be7 5. Qb3 O-O 6. Be2 Re8 7. d3 Bf8 8. O-O
d6 9. a3 Ne7 10. Qc2 Ng6 11. b4 c6 12. Bb2 h6 13. b5 d5 14. bxc6 bxc6 15. d4 e4
16. Ne5 Nxe5 17. dxe5 Ng4 18. cxd5 cxd5 19. Rad1 Qc7 20. Rxd5 Nxe5 21. Rc1 Ng4
22. g3 Nf6 23. Rd2 Bf5 24. Nb5 Qxc2 25. Rcxc2 Re7 26. Kg2 Ne8 27. Nd4 Bg6 28.
Nc6 Rc7 29. Be5 Rb7 30. a4 f6 31. Bf4 Rb1 32. g4 Bf7 33. Rd7 a5 34. Bc4 Bxc4
35. Rxc4 Kh7 36. Rxe4 f5 37. Re6 fxg4 38. Nd8 1-0

[Event "BL 1920 SG Solingen - FC Bayern München"]
[Site "?"]
[Date "2021.10.17"]
[Round "15.4"]
[White "Naumann, Alexander"]
[Black "Bischoff, Klaus"]
[Result "1/2-1/2"]
[WhiteElo "2533"]
[BlackElo "2495"]
[PlyCount "40"]
[EventDate "2021.??.??"]

1. e4 e6 2. d4 d5 3. Nc3 Bb4 4. exd5 exd5 5. Bd3 Ne7 6. Nf3 Nbc6 7. O-O Bg4 8.
a3 Bxf3 9. Qxf3 Nxd4 10. Qg4 Bxc3 11. bxc3 Ne6 12. f4 h5 13. Qh4 Nc5 14. Re1
Nxd3 15. cxd3 f6 16. Ra2 Kf7 17. Qh3 Qc8 18. Rae2 Nf5 19. a4 c5 20. Ba3 b6
1/2-1/2

[Event "BL 1920 SG Solingen - FC Bayern München"]
[Site "?"]
[Date "2021.10.17"]
[Round "15.5"]
[White "Johansson, Linus"]
[Black "Handke, Florian"]
[Result "1/2-1/2"]
[WhiteElo "2476"]
[BlackElo "2540"]
[PlyCount "93"]
[EventDate "2021.??.??"]

1. d4 Nf6 2. c4 g6 3. Nc3 d5 4. cxd5 Nxd5 5. e4 Nxc3 6. bxc3 Bg7 7. Qa4+ Qd7 8.
Qb3 O-O 9. Be3 b6 10. Rd1 Bb7 11. Bd3 Nc6 12. Nf3 Na5 13. Qb1 c5 14. O-O Rac8
15. Rc1 e6 16. Rfd1 cxd4 17. cxd4 Rxc1 18. Rxc1 Rc8 19. h4 f5 20. Rxc8+ Qxc8
21. h5 Nc4 22. hxg6 hxg6 23. Bf4 Na3 24. Qe1 Nc2 25. Bxc2 Qxc2 26. exf5 Qxf5
27. Ng5 e5 28. Bd2 Bf6 29. Qc1 Qg4 30. f3 Qxd4+ 31. Kh1 e4 32. fxe4 Qa1 33. Kg1
Qxc1+ 34. Bxc1 Bd4+ 35. Kf1 Ba6+ 36. Ke1 Bc4 37. a3 Bc3+ 38. Kf2 Bd4+ 39. Ke1
a5 40. Nf3 Bc3+ 41. Kf2 Bd3 42. Ke3 Bf1 43. Kf2 Bd3 44. Ke3 Bb1 45. Nd2 Bc2 46.
Nc4 b5 47. Bd2 1/2-1/2

[Event "BL 1920 SG Solingen - FC Bayern München"]
[Site "?"]
[Date "2021.10.17"]
[Round "15.6"]
[White "Wegerle, Joerg"]
[Black "Fedorovsky, Michael"]
[Result "1/2-1/2"]
[WhiteElo "2404"]
[BlackElo "2402"]
[PlyCount "115"]
[EventDate "2021.??.??"]

1. Nf3 d5 2. c4 d4 3. g3 Nc6 4. Bg2 e5 5. d3 Bb4+ 6. Bd2 a5 7. O-O Bxd2 8. Qxd2
Nf6 9. Na3 O-O 10. Nb5 h6 11. e3 Bg4 12. exd4 Bxf3 13. Bxf3 Nxd4 14. Bxb7 Rb8
15. Bg2 Nxb5 16. cxb5 Rxb5 17. Qc3 Qd6 18. Rac1 Rd8 19. Rfe1 Qd4 20. b3 Qxc3
21. Rxc3 Nd5 22. Bxd5 Rdxd5 23. Rec1 a4 24. bxa4 Rb2 25. Ra3 Rd2 26. Rxc7 R5xd3
27. Rb3 e4 28. Rb8+ Kh7 29. Rxf7 e3 30. fxe3 Rxe3 31. Rf2 Ree2 32. Rxe2 Rxe2
33. a3 Re3 34. Kg2 Rxa3 35. Rb4 Ra2+ 36. Kh3 h5 37. g4 hxg4+ 38. Rxg4 g5 39.
Kg3 Kh6 40. h4 Ra3+ 41. Kf2 gxh4 42. Rxh4+ Kg5 43. Rb4 Kf5 44. Ke2 Ke5 45. Kd2
Kd5 46. Kc2 Kc5 47. Rh4 Kb6 48. Kb2 Rg3 49. Rh5 Ka6 50. Rc5 Rh3 51. Rc3 Rxc3
52. Kxc3 Ka7 53. a5 Ka6 54. Kb4 Ka7 55. Kb5 Ka8 56. Kb6 Kb8 57. a6 Ka8 58. a7
1/2-1/2

[Event "BL 1920 SG Solingen - FC Bayern München"]
[Site "?"]
[Date "2021.10.17"]
[Round "15.7"]
[White "Lokander, Martin"]
[Black "Schaefer, Markus"]
[Result "1/2-1/2"]
[WhiteElo "2462"]
[BlackElo "2375"]
[PlyCount "166"]
[EventDate "2021.??.??"]

1. d4 d5 2. c4 c6 3. Nf3 Nf6 4. e3 g6 5. Nc3 Bg7 6. Be2 O-O 7. O-O Nbd7 8. cxd5
cxd5 9. Qb3 e6 10. a4 Nb8 11. Ne5 Nfd7 12. Nxd7 Qxd7 13. a5 Nc6 14. Bd2 Rd8 15.
Rfd1 Qe7 16. Bb5 Bd7 17. Na4 Rab8 18. Bc3 b6 19. axb6 axb6 20. Be2 Na5 21. Qa2
Nc6 22. Qb3 Na5 23. Qb4 Qxb4 24. Bxb4 Nb3 25. Ra3 Bxa4 26. Rxa4 Ra8 27. Bb5 Bf8
28. Bc3 Rxa4 29. Bxa4 Na5 30. Ra1 Rc8 31. Bd7 Rc7 32. Bb5 Bd6 33. Kf1 Kf8 34.
Ke2 Ke7 35. Kd3 Nc6 36. Kd2 Na7 37. Bd3 Nc6 38. Ra6 Rb7 39. Bb5 Na7 40. Bd3 Nc6
41. Bb5 Na7 42. Be2 Nc6 43. g3 Kd7 44. Bb5 Kc7 45. Ra4 Na7 46. Ba6 Rb8 47. Bd3
Kb7 48. Ra1 b5 49. Kc2 Kc7 50. Ba5+ Kb7 51. Bc3 Kc7 52. Ba5+ Kb7 53. Bc3 Kc7
54. Bd2 Kb7 55. Ra5 Kc7 56. f3 Rb7 57. Kd1 Be7 58. g4 f5 59. h3 Kd7 60. e4 fxe4
61. fxe4 Bd8 62. Ra3 Nc6 63. exd5 exd5 64. Be3 Bf6 65. Bf1 Bxd4 66. Bxd4 Nxd4
67. Rd3 Ne6 68. Rxd5+ Kc6 69. Re5 Rd7+ 70. Kc2 Nc7 71. g5 Rf7 72. Bd3 Kb6 73.
Re4 Rf2+ 74. Kb1 Rf3 75. Rd4 Kc5 76. Rd7 Ne6 77. h4 Nd4 78. b4+ Kxb4 79. Rxd4+
Kc3 80. Rd7 Rxd3 81. Rxh7 Rd1+ 82. Ka2 Rd2+ 83. Kb1 Rd1+ 1/2-1/2

[Event "BL 1920 SG Solingen - FC Bayern München"]
[Site "?"]
[Date "2021.10.17"]
[Round "15.8"]
[White "Kniest, Oliver"]
[Black "Schneider, Stefan"]
[Result "1/2-1/2"]
[WhiteElo "2282"]
[BlackElo "2380"]
[PlyCount "72"]
[EventDate "2021.??.??"]

1. d4 Nf6 2. Nf3 e6 3. e3 c5 4. Bd3 d5 5. b3 Nc6 6. Bb2 Bd6 7. O-O O-O 8. Nbd2
b6 9. Ne5 Bb7 10. a3 Rc8 11. f4 Ne7 12. Qf3 Nf5 13. Rad1 Qe7 14. g4 c4 15. gxf5
cxd3 16. fxe6 dxc2 17. exf7+ Rxf7 18. Rc1 Rff8 19. b4 a5 20. Nb3 Bxb4 21. Rf2
Bxa3 22. Rfxc2 Bxb2 23. Rxb2 a4 24. Rxc8 Rxc8 25. Nd2 Rc1+ 26. Kg2 a3 27. Ra2
h6 28. Qe2 Rc3 29. Nb1 Ne4 30. Qb5 Rxe3 31. Rxa3 Rxa3 32. Nxa3 Qxa3 33. Qe8+
Qf8 34. Qe6+ Kh7 35. Qg6+ Kg8 36. Qe6+ Kh7 1/2-1/2

[Event "BL 1920 SV Mülheim Nord - BCA Augsburg"]
[Site "?"]
[Date "2021.10.17"]
[Round "15.1"]
[White "Postny, Evgeny"]
[Black "Nguyen, Thai Dai Van"]
[Result "1/2-1/2"]
[WhiteElo "2552"]
[BlackElo "2577"]
[PlyCount "55"]
[EventDate "2021.??.??"]

1. d4 d5 2. c4 dxc4 3. e3 Nf6 4. Bxc4 e6 5. Nf3 c5 6. O-O a6 7. b3 cxd4 8. Nxd4
Be7 9. Bb2 O-O 10. Nd2 b5 11. Be2 Bb7 12. Bf3 Ra7 13. a4 Bxf3 14. N2xf3 bxa4
15. Rxa4 Rc7 16. Qa1 Qd5 17. Ra5 Qb7 18. Ba3 Bxa3 19. Qxa3 Rd8 20. Ne5 h6 21.
h3 Rd5 22. Nc4 Rxa5 23. Qxa5 Rd7 24. Ra1 Rd5 25. Qb6 Qxb6 26. Nxb6 Rc5 27. Nc4
Nd5 28. Kf1 1/2-1/2

[Event "BL 1920 SV Mülheim Nord - BCA Augsburg"]
[Site "?"]
[Date "2021.10.17"]
[Round "15.2"]
[White "Fridman, Daniel"]
[Black "Papp, Gabor"]
[Result "1-0"]
[WhiteElo "2624"]
[BlackElo "2594"]
[PlyCount "75"]
[EventDate "2021.??.??"]

1. Nf3 c5 2. c4 g6 3. e4 Nc6 4. d4 cxd4 5. Nxd4 Bg7 6. Be3 Nf6 7. Nc3 O-O 8.
Be2 d6 9. Qd2 Bd7 10. O-O Nxd4 11. Bxd4 Bc6 12. f3 Nd7 13. Be3 a5 14. b3 Nc5
15. Rad1 Qb6 16. Nb5 Rfc8 17. Rfe1 Bxb5 18. cxb5 Qd8 19. Bc4 Qf8 20. Bf2 a4 21.
f4 axb3 22. axb3 Rd8 23. Qb4 Ra2 24. e5 b6 25. exd6 exd6 26. Bd5 Rc2 27. Re3
Bb2 28. Qe1 Bf6 29. g4 h6 30. h4 g5 31. fxg5 hxg5 32. hxg5 Bxg5 33. Rf3 Re8 34.
Qf1 Re7 35. Rh3 Qc8 36. Bd4 Qxg4+ 37. Kh1 Bh4 38. Qg1 1-0

[Event "BL 1920 SV Mülheim Nord - BCA Augsburg"]
[Site "?"]
[Date "2021.10.17"]
[Round "15.3"]
[White "Nestorovic, Nikola"]
[Black "Tregubov, Pavel V"]
[Result "1/2-1/2"]
[WhiteElo "2467"]
[BlackElo "2546"]
[PlyCount "90"]
[EventDate "2021.??.??"]

1. e4 e5 2. Nf3 Nf6 3. Nxe5 d6 4. Nf3 Nxe4 5. c4 Nc6 6. Nc3 Nxc3 7. dxc3 Bf5 8.
Nd4 Nxd4 9. Qxd4 Qe7+ 10. Be3 Qe4 11. Qxe4+ Bxe4 12. f3 Bc6 13. Bd3 Be7 14. Kf2
O-O 15. h4 h5 16. Rae1 Rae8 17. Bg5 Bxg5 18. hxg5 g6 19. f4 f5 20. gxf6 Rxf6
21. Rxe8+ Bxe8 22. Kg3 Re6 23. Rd1 Kf7 24. Rd2 Kf6 25. Re2 Rxe2 26. Bxe2 Bc6
27. Bd3 g5 28. Be2 h4+ 29. Kg4 Bd7+ 30. Kh5 gxf4 31. Kxh4 Bf5 32. g4 fxg3 33.
Kxg3 Kg5 34. a3 Be4 35. Bg4 b6 36. Be2 Kf5 37. Bf1 a5 38. Be2 Ke5 39. Bf1 Bb7
40. Kf2 Kf4 41. Bh3 Bf3 42. Bd7 Bd1 43. Bc6 Bh5 44. Bd5 Bg4 45. Bc6 Be6 1/2-1/2

[Event "BL 1920 SV Mülheim Nord - BCA Augsburg"]
[Site "?"]
[Date "2021.10.17"]
[Round "15.4"]
[White "Buckels, Valentin"]
[Black "Prusikin, Michael"]
[Result "1/2-1/2"]
[WhiteElo "2457"]
[BlackElo "2545"]
[PlyCount "48"]
[EventDate "2021.??.??"]

1. d4 d5 2. c4 e6 3. Nf3 a6 4. cxd5 exd5 5. Nc3 Nf6 6. Bf4 Bd6 7. Be5 c6 8. h3
O-O 9. e3 Bf5 10. Be2 Bxe5 11. Nxe5 Ne4 12. Bg4 Nd6 13. O-O Nd7 14. Bxf5 Nxf5
15. Qg4 g6 16. Nxd7 Qxd7 17. Na4 Rae8 18. Qf4 Kg7 19. Nc5 Qe7 20. Rac1 Nd6 21.
Qe5+ f6 22. Qxe7+ Rxe7 23. a4 g5 24. g3 h5 1/2-1/2

[Event "BL 1920 SV Mülheim Nord - BCA Augsburg"]
[Site "?"]
[Date "2021.10.17"]
[Round "15.5"]
[White "Rozentalis, Eduardas"]
[Black "Hausrath, Daniel"]
[Result "1-0"]
[WhiteElo "2513"]
[BlackElo "2482"]
[PlyCount "73"]
[EventDate "2021.??.??"]

1. e4 c5 2. Nf3 Nc6 3. Bb5 Nf6 4. Bxc6 dxc6 5. Nc3 g6 6. d3 Bg7 7. h3 Nd7 8.
O-O e5 9. Be3 Qe7 10. Qd2 Nf8 11. Bh6 f6 12. Bxg7 Qxg7 13. Ne2 Ne6 14. b4 cxb4
15. Qxb4 Qe7 16. a3 Qc5 17. c3 O-O 18. Qb3 Qb6 19. Qa2 c5 20. d4 cxd4 21. cxd4
exd4 22. Nexd4 Rf7 23. Rab1 Qa6 24. Rfc1 Bd7 25. Qd5 Rc8 26. Rxc8+ Bxc8 27. e5
Nxd4 28. Qxd4 Bf5 29. Re1 Rd7 30. Qc5 Qb6 31. Qxb6 axb6 32. exf6 Rd6 33. g4 Bd7
34. g5 Bxh3 35. Re8+ Kf7 36. Re7+ Kf8 37. Rxh7 1-0